| 000 | 00380nam a22001337a 4500 | ||
|---|---|---|---|
| 020 | _a9789698237912 | ||
| 082 |
_a632.9 _bSUS |
||
| 100 | _aMuhammad Jalal Arif, John E Foster, Jaime Molina-Ochoa (Editors) | ||
| 245 | _aSustainable Insect Pest Management | ||
| 260 |
_aFaisalabad _bUniversity of Agriculture, _c2022 |
||
| 300 | _a341p | ||
| 563 | _aH.B | ||
| 942 |
_2ddc _cBK |
||
| 999 |
_c595092 _d595092 |
||